Associe les artistes francophones avec leur titre de chanson VOL7 - Statistiques

Statistiques générales
  • Ce quiz a été pris 54 fois
  • Le résultat moyen est 11 sur 21
Statistiques - réponses
Hint Réponse % Correct
Kendji Girac Andalouse
98%
Claude François Le mal aimé
87%
Michel Berger Le paradis blanc
85%
Black M Sur ma route
85%
Indila Dernière danse
81%
Julien Clerc Ma préférence
68%
Pascal Obispo Tombé pour elle (L'île aux oiseaux)
66%
Amir J'ai cherché
62%
Mike Brant Laisse moi t'aimer
62%
Lio La reine des pommes
55%
Françoise Hardy Le temps de l'amour
53%
Jeane Manson Avant de nous dire Adieu
45%
Héléna Capuche
43%
Jeck Parapluie
40%
Elsa (Lunghini) Jour de neige
38%
Pierre Garnier Nous on sait
34%
PNL La misère est si belle
32%
Gojira Stranded
28%
Ben Mazué Quand je marche
19%
Nuit Incolore Dépassé
15%
Patricia Kaas Quand j'ai peur de tout
13%
Aucun quiz correspondant
Distribution des résultats
% des personnes avec chaque résultat
Percentile par nombre de réponses
Votre historique - résultats
Vous n’avez pas pris ce quiz